000 00709nam a22002417a 4500
003 UA-OsUOA
001 79695
007 ta
008 20111121b un ||||| |||| 00| 0 ukr d
100 _aСидерский А.
090 _a615.851.8
_bС34
942 _cBK
040 _aUA-OsUOA
_brus
_cUA-OsUOA
_dUA-OsUOA
245 _aЙога восьми кругов. Омино-тренинг-технология: последовательности нулевого цикла
300 _a576 с.
955 _a4
041 _arus
080 _a615.851.8
020 _a966-521-060-2
260 _aК.
_bНика-Центр
_c2005
650 7 _a615.8 Фізіотерапія
_2UDC
999 _c366007
_d366007